000 00216nam a22000977a 4500
003 SGT
245 _aINDIAN JOURNAL OF PATHOLOGY & MICROBIOLOGY
260 _bINDIA WOLTER KLUWER
_c2007
300 _a464
942 _2ddc
_cBV
999 _c19232
_d19232